[Event "Challenge"]
[Site "http://www.queenalice.com/game.php?id=1523253"]
[Date "2018.4.12"]
[Round "-"]
[White "Geegodoi"]
[Black "otavio01"]
[Result "0-1"]
[WhiteElo "948"]
[BlackElo "1346"]

1. c4 e6 2. e3 d5 3. Nh3 Nc6 4. cxd5 exd5 5. g4 Nf6 6. f4 Bxg4 7. Qb3 b6 8. Nc3
Qd7 9. Qb5 Bd6 10. Ng5 h6 11. Ne6 Bxe6 12. f5 Bxf5 13. Bg2 Be4 0-1

[Event "Vou te dar uma chance "]
[Site "http://www.queenalice.com/game.php?id=1523806"]
[Date "2018.4.16"]
[Round "-"]
[White "Geegodoi"]
[Black "otavio01"]
[Result "0-1"]
[WhiteElo "948"]
[BlackElo "1492"]

1. d4 e6 2. e4 d5 3. Bb5+ c6 4. Bd3 c5 5. dxc5 Bxc5 6. Be3 Bxe3 7. fxe3 dxe4 8.
Nc3 Qg5 9. Nge2 exd3 10. cxd3 Qxg2 11. Rf1 Qxh2 12. d4 Nf6 13. d5 O-O 14. Nf4
exd5 15. Nfxd5 Nxd5 16. Nxd5 Be6 17. Nc7 Qxc7 18. Rf2 Rd8 19. Rd2 Qg3+ 20. Kf1
Bc4+ 21. Qe2 Bxe2+ 22. Kxe2 Qg2+ 23. Ke1 Rxd2 24. Rd1 Qe2# 0-1

[Event "Challenge"]
[Site "http://www.queenalice.com/game.php?id=1524082"]
[Date "2018.4.19"]
[Round "-"]
[White "NIBIRO"]
[Black "Geegodoi"]
[Result "1-0"]
[WhiteElo "1461"]
[BlackElo "977"]

1. d4 d5 2. c4 Nc6 3. e3 dxc4 4. Bxc4 Bf5 5. a3 b5 6. Bxb5 Qd7 7. d5 Bxb1 8.
Bxc6 Qxc6 9. dxc6 Rd8 10. Qb3 e6 11. Rxb1 Bc5 12. Nf3 Nf6 13. O-O h5 14. Ng5 h4
15. Nxe6 Rd6 16. Nxg7+ Ke7 17. Nf5+ Kf8 18. Qb8+ Rd8 19. Qxd8+ Ne8 20. b4 h3 21.
Bb2 Rh5 22. Bg7+ Kg8 23. Qxe8+ Kh7 24. g4 Bb6 25. Qh8+ Kg6 26. Qxh5# 1-0

[Event "TD Interesting Topics Tube"]
[Site "http://www.queenalice.com/game.php?id=1524205"]
[Date "2018.4.19"]
[Round "-"]
[White "zubarev"]
[Black "Geegodoi"]
[Result "1-0"]
[WhiteElo "1776"]
[BlackElo "984"]

1. d4 Nc6 2. Nf3 e6 3. e4 b5 4. Bxb5 Bb4+ 5. c3 Bd6 6. O-O e5 7. dxe5 Nxe5 8.
Bf4 f6 9. Nbd2 c6 10. Bxe5 fxe5 11. Bd3 h5 12. Qe2 Nf6 13. Rac1 Ng4 14. h3 Nf6
15. Ng5 Qb6 16. b3 Ba3 17. Rc2 d5 18. exd5 cxd5 19. Qxe5+ Be6 20. Qxe6+ Qxe6 21.
Nxe6 Ke7 22. Nxg7 Rag8 23. Nf5+ Ke8 24. Re1+ Ne4 25. Nxe4 dxe4 26. Rxe4+ Kd8 27.
Ra4 Be7 28. Nxe7 Kxe7 29. Rxa7+ Kf6 30. c4 Rxg2+ 31. Kxg2 Rg8+ 32. Kf3 Rg7 33.
Rxg7 Kxg7 34. Rb2 Kf7 35. Kf4 Kf6 36. Bc2 1-0

[Event "Haaz Snoot"]
[Site "http://www.queenalice.com/game.php?id=1524206"]
[Date "2018.4.19"]
[Round "-"]
[White "Geegodoi"]
[Black "zubarev"]
[Result "0-1"]
[WhiteElo "994"]
[BlackElo "1781"]

1. e4 e5 2. Nf3 Nc6 3. c3 d6 4. d3 Bg4 5. d4 Nf6 6. dxe5 Nxe5 7. Nxe5 Bxd1 8.
Bb5+ c6 9. Bc4 dxe5 10. Nd2 Bh5 11. f3 Be7 12. b4 O-O 13. g4 Bg6 14. b5 cxb5 15.
Bxb5 a6 16. Bc4 Rc8 17. g5 Ne8 18. f4 Bxe4 19. Rf1 Bd3 20. Rf3 Bxc4 21. Nxc4
Rxc4 22. Bd2 exf4 23. Rh3 Bxg5 24. Rh5 h6 25. Rd1 Qd3 26. h4 Qg3+ 27. Kf1 f3 28.
a4 Qg2+ 29. Ke1 Qe2# 0-1

[Event "Challenge"]
[Site "http://www.queenalice.com/game.php?id=1524219"]
[Date "2018.4.19"]
[Round "-"]
[White "gruppodilavoro"]
[Black "Geegodoi"]
[Result "1-0"]
[WhiteElo "1697"]
[BlackElo "998"]

1. e4 Nf6 2. e5 Ne4 3. d4 d6 4. Nf3 Bg4 5. Be2 Nd7 6. Qd3 f5 7. Be3 Nxf2 8. Bxf2
c5 9. e6 Nb6 10. Ng5 Bxe2 11. Qxe2 h6 12. Qh5+ g6 13. Qxg6# 1-0

[Event "Challenge"]
[Site "http://www.queenalice.com/game.php?id=1524220"]
[Date "2018.4.19"]
[Round "-"]
[White "Geegodoi"]
[Black "gruppodilavoro"]
[Result "0-1"]
[WhiteElo "996"]
[BlackElo "1699"]

1. e4 c5 2. c3 d5 3. Qa4+ Nc6 4. exd5 Bd7 5. b4 Ne5 6. b5 c4 7. Ne2 Nd3+ 8. Kd1
Nxf2+ 9. Ke1 Nxh1 10. b6 Bxa4 11. Nf4 Qd6 12. Bxc4 Qxf4 13. Bf1 Qf2# 0-1

[Event "Challenge"]
[Site "http://www.queenalice.com/game.php?id=1524799"]
[Date "2018.4.24"]
[Round "-"]
[White "otavio01"]
[Black "Geegodoi"]
[Result "1-0"]
[WhiteElo "1534"]
[BlackElo "998"]

1. e4 Nf6 2. e5 Nd5 3. Bc4 e6 4. Nf3 Nb4 5. a3 N4c6 6. d4 d5 7. exd6 cxd6 8. O-O
d5 9. Bb5 Qc7 10. Ng5 a6 11. Bxc6+ Qxc6 12. Qf3 e5 13. Qxf7+ Kd8 14. Nxh7 Rxh7
15. Bg5+ Be7 16. Qxe7# 1-0

[Event "AUTO-BEG-659"]
[Site "http://www.queenalice.com/game.php?id=1524880"]
[Date "2018.4.25"]
[Round "1"]
[White "Geegodoi"]
[Black "hercolubus"]
[Result "0-1"]
[WhiteElo "984"]
[BlackElo "1468"]

1. e4 e5 2. Qg4 d5 3. Bb5+ c6 4. Qh5 cxb5 5. Qxe5+ Qe7 6. Qxe7+ Nxe7 7. d3 dxe4
8. dxe4 Ng6 9. Nf3 Bc5 10. O-O O-O 11. Nc3 a6 12. a4 b4 13. Nd5 Nc6 14. Ng5 Nd4
15. Be3 h6 16. Bxd4 Bxd4 17. Nf3 Bxb2 18. Nb6 Rb8 19. Rad1 Bg4 20. h3 Bxf3 21.
gxf3 Rfd8 22. Rb1 Bc3 23. Rfd1 Rxd1+ 24. Rxd1 Ne5 25. Rd5 Nxf3+ 26. Kg2 Ne1+ 27.
Kh2 Re8 28. Nd7 Rxe4 29. Rh5 Nxc2 30. f3 Re2+ 31. Kg3 Bd2 32. Ne5 Bg5 33. f4
Re3+ 34. Nf3 g6 35. fxg5 gxh5 36. gxh6 Nd4 37. h7+ Kxh7 38. Kh4 Rxf3 39. Kxh5
Rg3 40. Kh4 Nf5+ 41. Kh5 Rg6 0-1

[Event "AUTO-BEG-659"]
[Site "http://www.queenalice.com/game.php?id=1524881"]
[Date "2018.4.25"]
[Round "1"]
[White "hercolubus"]
[Black "Geegodoi"]
[Result "1-0"]
[WhiteElo "1330"]
[BlackElo "994"]

1. e4 e5 2. Nf3 f5 3. Bc4 Nf6 4. Nxe5 d6 5. Nf7 Qe7 6. Nxh8 Nxe4 7. O-O d5 8.
Qh5+ Kd8 9. Nf7+ Kd7 10. Qxf5+ Kc6 11. Qxd5+ Kb6 12. Qb5# 1-0

[Event "Challenge"]
[Site "http://www.queenalice.com/game.php?id=1525194"]
[Date "2018.4.27"]
[Round "-"]
[White "Geegodoi"]
[Black "otavio01"]
[Result "0-1"]
[WhiteElo "992"]
[BlackElo "1615"]

1. d3 e6 2. Nc3 d5 3. d4 Nf6 4. Nb5 c5 5. c3 cxd4 6. cxd4 Qa5+ 7. Bd2 Qxb5 8.
Rc1 Nc6 9. Nf3 Qxb2 10. Rb1 Qxa2 11. Bg5 Ne4 12. Qd3 Nb4 13. Qd1 Nc2+ 14. Qxc2
Qxc2 15. Rd1 Bb4+ 16. Nd2 Bxd2+ 17. Rxd2 Qxd2+ 18. Bxd2 Bd7 19. f3 Nxd2 20. Kxd2
O-O 21. g4 Rac8 22. e4 dxe4 23. fxe4 b5 24. Bh3 b4 25. g5 b3 26. Rb1 Rc2+ 27.
Ke3 b2 28. d5 e5 29. Bxd7 Rb8 30. Rf1 Rb3# 0-1

[Event "Challenge"]
[Site "http://www.queenalice.com/game.php?id=1526009"]
[Date "2018.5.4"]
[Round "-"]
[White "otavio01"]
[Black "Geegodoi"]
[Result "1-0"]
[WhiteElo "1613"]
[BlackElo "990"]

1. e4 e5 2. Nf3 Nc6 3. Nc3 Nf6 4. Bc4 d5 5. exd5 Nb4 6. d6 cxd6 7. Ng5 d5 8.
Nxd5 Nfxd5 9. Qf3 f6 10. Bb5+ Bd7 11. Ne6 Qe7 12. Bxd7+ Kxd7 13. Qb3 Qxe6 14. c4
Nf4 15. Qxb4 Bxb4 16. O-O h5 17. b3 h4 18. g3 Ne2+ 19. Kg2 Nxc1 20. Raxc1 Ba3
21. Rcd1 hxg3 22. fxg3 Qh3+ 23. Kf3 g5 24. d4 Qf5+ 25. Ke3 Qc2 26. dxe5+ Kc8 27.
Rd2 Qc3+ 28. Rd3 Bc5+ 29. Ke4 Qb2 30. Rxf6 Qe2+ 31. Kd5 Rd8+ 32. Kxc5 b6+ 33.
Kc6 Rd6+ 34. Rfxd6 Qxd3 35. Rxd3 Kb8 36. Rd8# 1-0

[Event "."]
[Site "http://www.queenalice.com/game.php?id=1526347"]
[Date "2018.5.6"]
[Round "-"]
[White "Geegodoi"]
[Black "otavio01"]
[Result "0-1"]
[WhiteElo "982"]
[BlackElo "1695"]

1. e4 e5 2. Nf3 Nc6 3. d3 Nf6 4. Bg5 Be7 5. d4 Nxe4 6. Bxe7 Qxe7 7. dxe5 Nxe5 8.
Nxe5 Qxe5 9. Qg4 Nf6+ 10. Qe2 Ne4 11. f3 O-O 12. fxe4 Qxb2 13. Qd1 Qxa1 14. Bc4
Qd4 15. Qxd4 c6 16. O-O Re8 17. Rxf7 b5 18. Rxg7+ Kf8 19. Rg8+ Ke7 20. Bf7 Kxf7
21. Rxe8 Kxe8 22. Nc3 Ba6 23. e5 Ke7 24. Qf4 b4 25. Ne4 Rf8 26. Qg5+ Ke8 27. h3
d5 28. Nd6+ Kd7 29. Qh6 Rf1+ 30. Kh2 Re1 31. Qf8 Rxe5 32. Nc8 Bxc8 33. Qf4 Re4
34. Qb8 a6 35. Qg3 c5 36. Qg7+ Re7 37. Qh8 a5 38. Qf6 d4 39. c3 dxc3 40. g4 Re2+
41. Kg3 Rxa2 42. Qb6 c2 0-1

[Event "Challenge"]
[Site "http://www.queenalice.com/game.php?id=1527219"]
[Date "2018.5.15"]
[Round "-"]
[White "Geegodoi"]
[Black "otavio01"]
[Result "0-1"]
[WhiteElo "980"]
[BlackElo "1719"]

1. e4 e5 2. Nf3 Nc6 3. d3 Nf6 4. Nc3 Bb4 5. Bd2 O-O 6. Nd5 Nxd5 7. Bxb4 Ncxb4 8.
exd5 Nxd5 9. Nxe5 Qe7 10. Qg4 Qxe5+ 11. Be2 d6 12. O-O Bxg4 13. Bxg4 Qxb2 14.
Rad1 Qxc2 15. Bf5 Rfe8 16. g4 Nf4 17. d4 Qc6 18. f3 Re2 19. Rf2 Rae8 20. Be4
R8xe4 21. fxe4 Nh3+ 22. Kh1 Qxe4+ 23. Rf3 Qxf3# 0-1

[Event "Challenge"]
[Site "http://www.queenalice.com/game.php?id=1528558"]
[Date "2018.5.25"]
[Round "-"]
[White "otavio01"]
[Black "Geegodoi"]
[Result "1-0"]
[WhiteElo "1770"]
[BlackElo "978"]

1. e4 e5 2. Nf3 Nc6 3. Nc3 Nf6 4. Bb5 Bb4 5. Nd5 Nxd5 6. exd5 Na5 7. Nxe5 O-O 8.
Qg4 Qf6 9. Nxd7 Rd8 10. Nxf6+ Kh8 11. Qxb4 gxf6 12. Qe7 Rg8 13. Qxf6+ Rg7 14. d3
Bg4 15. Bh6 1-0

[Event "Challenge"]
[Site "http://www.queenalice.com/game.php?id=1529788"]
[Date "2018.6.5"]
[Round "-"]
[White "Geegodoi"]
[Black "otavio01"]
[Result "0-1"]
[WhiteElo "976"]
[BlackElo "1772"]

1. e4 e6 2. Nc3 d5 3. exd5 exd5 4. Nf3 Be6 5. d4 Nc6 6. Bg5 Be7 7. Be3 Nf6 8.
Bb5 O-O 9. Bg5 h6 10. Bxf6 Bxf6 11. Bxc6 bxc6 12. O-O Re8 13. h3 Bh4 14. g3 Qd7
15. gxh4 Bxh3 16. Nxd5 Qg4+ 17. Kh1 Qg2# 0-1

[Event "Challenge"]
[Site "http://www.queenalice.com/game.php?id=1530065"]
[Date "2018.6.6"]
[Round "-"]
[White "Geegodoi"]
[Black "otavio01"]
[Result "0-1"]
[WhiteElo "974"]
[BlackElo "1779"]

1. e4 e5 2. Nf3 Nc6 3. Bb5 Nd4 4. Nxe5 Nxb5 5. c4 Qg5 6. O-O Qh4 7. f3 Bd6 8.
cxb5 Bxe5 9. g3 Qh3 10. f4 Bd4+ 0-1